[Event "PRO League Group Stage"]
[Site "chess.com INT"]
[Date "2019.01.21"]
[Round "3"]
[White "Raja, Harshit"]
[Black "Bryakin, Mikhail"]
[Result "1-0"]
[WhiteTitle "IM"]
[BlackTitle "FM"]
[WhiteElo "2432"]
[BlackElo "2426"]
[WhiteTeam "Mumbai Movers"]
[BlackTeam "Volga Stormbringers"]
[WhiteFideId "5089000"]
[BlackFideId "4165314"]
[EventDate "2019.01.08"]

1. e4 c6 2. Nf3 d5 3. Nc3 Nf6 4. e5 Ne4 5. Ne2 Qb6 6. d4 h6 7. Ng3 Nxg3 8. hxg3
Bf5 9. Nh4 Bd7 10. c3 e6 11. Bd3 c5 12. dxc5 Bxc5 13. O-O g5 14. b4 Be7 15. Nf3
Bb5 16. Be3 Qa6 17. Bxb5+ Qxb5 18. Nd4 Qd7 19. b5 a6 20. a4 axb5 21. axb5 Rxa1
22. Qxa1 O-O 23. f4 Qc7 24. b6 Qd8 25. f5 Nd7 26. Qd1 Nxe5 27. Qh5 Kh7 28. Kf2
Rh8 29. Nf3 Qd6 30. Bd4 Nd3+ 31. Ke2 Kg8 32. Bxh8 Qxb6 33. Qxh6 Bf8 34. Qxg5+
Kxh8 35. Rh1+ 1-0

[Event "PRO League Group Stage"]
[Site "chess.com INT"]
[Date "2019.01.21"]
[Round "3"]
[White "Ehlvest, Jaan"]
[Black "Kosteniuk, Alexandra"]
[Result "1/2-1/2"]
[WhiteTitle "GM"]
[BlackTitle "GM"]
[WhiteElo "2521"]
[BlackElo "2537"]
[WhiteTeam "Estonia Horses"]
[BlackTeam "Moscow Wizards"]
[WhiteFideId "4500016"]
[BlackFideId "4128125"]
[EventDate "2019.01.08"]

1. Nf3 Nf6 2. c4 c5 3. Nc3 Nc6 4. e4 e5 5. Be2 g6 6. d3 Bg7 7. O-O d6 8. Ne1 h6
9. f4 exf4 10. Bxf4 O-O 11. Nc2 Kh7 12. Qd2 Ne8 13. Rae1 Nc7 14. Ne3 Ne6 15. Bg3
Ne5 16. Nc2 a6 17. Nd5 b5 18. b3 h5 19. Bf2 Nc6 20. Qd1 Ncd4 21. Nxd4 Nxd4 22.
Bxh5 Qg5 23. Bf3 Nxf3+ 24. Qxf3 Bg4 25. Be3 Qh4 26. Nf6+ Bxf6 27. Qxf6 Qxf6 28.
Rxf6 bxc4 29. bxc4 Be6 30. Bd2 Rab8 31. Bc3 Rb7 32. Kf2 Rfb8 33. Ke3 Rb1 34.
Rff1 Rxe1+ 35. Rxe1 Kg8 36. Bf6 Kf8 37. Kf4 Ke8 38. g4 Rb4 39. h4 Ra4 40. Re2
Rb4 41. Bb2 f6 42. Bxf6 Rb1 43. Rg2 Kf7 44. Kg5 Rd1 45. Rg3 Rf1 46. e5 Rf2 47.
h5 gxh5 48. Kxh5 Rxa2 49. Kg5 dxe5 50. Bxe5 Ke7 51. Kg6 Re2 52. Bf6+ Kd7 53. g5
a5 54. Kg7 a4 55. d4 cxd4 56. Rd3 a3 57. Rxd4+ Kc6 58. Rd3 a2 59. Ra3 Bxc4 60.
g6 1/2-1/2

[Event "PRO League Group Stage"]
[Site "chess.com INT"]
[Date "2019.01.21"]
[Round "3"]
[White "Meshkovs, Nikita"]
[Black "Dobrov, Vladimir"]
[Result "1-0"]
[WhiteTitle "GM"]
[BlackTitle "GM"]
[WhiteElo "2557"]
[BlackElo "2478"]
[WhiteTeam "Estonia Horses"]
[BlackTeam "Moscow Wizards"]
[WhiteFideId "11602740"]
[BlackFideId "4136594"]
[EventDate "2019.01.08"]

1. c4 c6 2. Nf3 d5 3. e3 Nf6 4. Nc3 e6 5. d4 Nbd7 6. Qc2 Bd6 7. Bd2 O-O 8. h3 c5
9. cxd5 exd5 10. dxc5 Nxc5 11. Bd3 Re8 12. O-O a6 13. Ne2 Bd7 14. Bc3 Nfe4 15.
Bd4 Rc8 16. Nc3 Re6 17. Rfd1 Rg6 18. Bxc5 Rxc5 19. Bxe4 dxe4 20. Qxe4 Bc6 21.
Qh4 Rxg2+ 22. Kf1 Qxh4 23. Nxh4 Rh2 24. Rxd6 g5 25. Rxc6 bxc6 26. Nf3 Rxh3 27.
Kg2 g4 28. Ne4 Rc2 29. Nd4 Rxb2 30. Rd1 Rxe3 31. Nf5 f6 32. Nxe3 Kf7 33. Rd6
Rxa2 34. Rxf6+ Ke7 35. Nf5+ Kd7 36. Nd4 a5 37. Rf7+ Kd8 38. Nxc6+ 1-0

[Event "PRO League Group Stage"]
[Site "chess.com INT"]
[Date "2019.01.21"]
[Round "3"]
[White "Lushenkov, Mikhail"]
[Black "Chukavin, Kirill"]
[Result "1-0"]
[WhiteTitle "IM"]
[BlackTitle "FM"]
[WhiteElo "2434"]
[BlackElo "2307"]
[WhiteTeam "Moscow Wizards"]
[BlackTeam "Estonia Horses"]
[WhiteFideId "4162129"]
[BlackFideId "4503023"]
[EventDate "2019.01.08"]

1. Nf3 Nf6 2. c4 e6 3. Nc3 d5 4. d4 c6 5. e3 Nbd7 6. Bd3 dxc4 7. Bxc4 b5 8. Bd3
Bb7 9. Qe2 a6 10. a4 b4 11. Ne4 c5 12. Nxf6+ Nxf6 13. dxc5 Bxc5 14. e4 h6 15.
O-O Qb6 16. Bf4 O-O 17. a5 Qa7 18. h3 Rfd8 19. Rac1 Rac8 20. Ne5 Qa8 21. Rfe1
Bd6 22. Rxc8 Rxc8 23. Bg3 Qa7 24. Kh2 Qc5 25. Nc4 Bxg3+ 26. fxg3 Bxe4 27. Nb6
Bxd3 28. Qxd3 Qh5 29. Qd4 Rc2 30. Qxb4 Qf5 31. Qd4 Qb5 32. b4 Re2 33. Rc1 Kh7
34. Rc5 Qe8 35. Qd3+ Re4 36. Rc4 Qb5 37. Qc2 Qf5 38. Rxe4 Nxe4 39. b5 axb5 40.
a6 Qe5 41. Qd3 g6 42. Nd7 Qf5 43. Qxe4 Qxe4 44. Nf6+ Kg7 45. Nxe4 1-0

[Event "PRO League Group Stage"]
[Site "chess.com INT"]
[Date "2019.01.21"]
[Round "3"]
[White "Vastrukhin, Oleg"]
[Black "Ladva, Ottomar"]
[Result "0-1"]
[BlackTitle "GM"]
[WhiteElo "2413"]
[BlackElo "2497"]
[WhiteTeam "Moscow Wizards"]
[BlackTeam "Estonia Horses"]
[WhiteFideId "4192770"]
[BlackFideId "4500024"]
[EventDate "2019.01.08"]

1. Nf3 d5 2. g3 g6 3. Bg2 Bg7 4. d4 Nd7 5. O-O Ngf6 6. b3 O-O 7. Bb2 c5 8. e3 b6
9. Nbd2 Bb7 10. c4 dxc4 11. Nxc4 Rc8 12. Rc1 b5 13. Nce5 Nxe5 14. Nxe5 Bxg2 15.
Kxg2 Nd7 16. Nf3 Qa5 17. Bc3 b4 18. Ba1 c4 19. bxc4 Qxa2 20. c5 a5 21. d5 Nf6
22. Bxf6 Bxf6 23. e4 Rfd8 24. Qd3 b3 25. e5 b2 26. exf6 bxc1=Q 27. Rxc1 Qxd5 28.
Qc3 exf6 29. Qxf6 Rc6 30. Qh4 Rdc8 31. Rc4 Rxc5 32. Rd4 Qa8 33. Rf4 R8c7 34. Qf6
Rc4 35. Rxc4 Rxc4 36. Kh3 Qc8+ 37. Kg2 Qc6 38. Qd8+ Kg7 39. Qxa5 Rc3 40. Qe5+
Kg8 41. Qb8+ Kg7 42. Qe5+ Kf8 43. Qh8+ Ke7 44. Qe5+ Kd7 45. Qf4 Qd5 46. h4 h5
47. Qa4+ Kd8 48. Qf4 Rd3 49. Qf6+ Ke8 50. Qf4 Kf8 51. Qf6 Kg8 52. Qf4 Kg7 53.
Qe5+ Qxe5 54. Nxe5 Ra3 55. Nc4 Ra4 56. Ne3 Kf6 57. Kf3 Ke5 58. Nd1 Ra3+ 59. Ne3
Rb3 60. Kg2 Ke4 61. Nc4 Rd3 62. Nb6 Rd4 63. Nc8 Ke5 64. Ne7 Kd6 65. Ng8 Ke6 66.
f3 Rd8 67. Nh6 Rh8 0-1

[Event "PRO League Group Stage"]
[Site "chess.com INT"]
[Date "2019.01.21"]
[Round "3"]
[White "Jojua, Davit"]
[Black "Sychev, Klementy"]
[Result "1-0"]
[WhiteTitle "GM"]
[BlackTitle "IM"]
[WhiteElo "2588"]
[BlackElo "2537"]
[WhiteTeam "Tbilisi Gentlemen"]
[BlackTeam "Moscow Phoenix"]
[WhiteFideId "13602543"]
[BlackFideId "4114060"]
[EventDate "2019.01.08"]

1. d4 g6 2. c4 Bg7 3. Nc3 d6 4. Nf3 e5 5. g3 Nc6 6. dxe5 dxe5 7. Qxd8+ Nxd8 8.
Nb5 Ne6 9. Ng5 Ke7 10. Nxe6 Bxe6 11. Nxc7 Rc8 12. Nxe6 Kxe6 13. Bg2 Rxc4 14.
Bxb7 Ne7 15. b3 Rc7 16. Ba6 e4 17. Rb1 Bc3+ 18. Kf1 Rb8 19. Kg2 Nd5 20. Bh6 Nb6
21. Rhc1 Rd8 22. Bf4 Rc5 23. b4 Rc6 24. Bb7 Rc4 25. Rb3 Be5 26. Rxc4 Nxc4 27.
Bxe4 Bxf4 28. gxf4 Rd2 29. Rd3 Kf6 30. Rxd2 Nxd2 31. Bd3 Ke6 32. e4 g5 33. f3 h5
34. h3 1-0

[Event "PRO League Group Stage"]
[Site "chess.com INT"]
[Date "2019.01.21"]
[Round "3"]
[White "Golubov, Saveliy"]
[Black "Quparadze, Giga"]
[Result "1/2-1/2"]
[WhiteTitle "IM"]
[BlackTitle "GM"]
[WhiteElo "2482"]
[BlackElo "2493"]
[WhiteTeam "Moscow Phoenix"]
[BlackTeam "Tbilisi Gentlemen"]
[WhiteFideId "24176729"]
[BlackFideId "13602250"]
[EventDate "2019.01.08"]

1. d4 Nf6 2. Nf3 e6 3. e3 c5 4. b3 d5 5. Bb2 Nbd7 6. Bd3 g6 7. dxc5 Nxc5 8. Bb5+
Bd7 9. Bxd7+ Ncxd7 10. O-O Bg7 11. Nbd2 O-O 12. c4 Rc8 13. Qe2 Qe7 14. Rac1 Rfd8
15. Rfd1 h6 16. cxd5 Nxd5 17. Bxg7 Kxg7 18. Ne4 N7f6 19. Rxc8 Rxc8 20. Qb2 Kg8
21. Nxf6+ Qxf6 22. Qxf6 Nxf6 23. Ne1 Kg7 24. Kf1 b5 25. Rd2 a6 26. f3 Rc6 27. e4
Ne8 28. Ke2 Kf6 29. Nd3 a5 30. b4 axb4 31. Nxb4 Rc4 32. a3 Ke7 33. e5 Rc5 34. f4
Nc7 35. Rd6 g5 36. g3 gxf4 37. gxf4 Rc4 38. Ke3 Rc3+ 39. Rd3 Rc1 40. Kd2 Rf1 41.
Ke3 Rc1 42. Kf3 h5 43. h3 Ne8 44. Rb3 Ng7 45. Nd3 Ra1 46. Nf2 Nf5 47. Rd3 Rg1
48. Ne4 Rf1+ 49. Nf2 Re1 50. Nd1 Kf8 51. Nc3 Rf1+ 52. Ke4 Re1+ 53. Kf3 Rf1+ 54.
Ke4 Re1+ 55. Kf3 1/2-1/2

[Event "PRO League Group Stage"]
[Site "chess.com INT"]
[Date "2019.01.21"]
[Round "3"]
[White "Harikrishna, Pentala"]
[Black "Andriasian, Zaven"]
[Result "1/2-1/2"]
[WhiteTitle "GM"]
[BlackTitle "GM"]
[WhiteElo "2730"]
[BlackElo "2604"]
[WhiteTeam "Delhi Dynamite"]
[BlackTeam "Armenia Eagles"]
[WhiteFideId "5007003"]
[BlackFideId "13302000"]
[EventDate "2019.01.08"]

1. e4 c5 2. Nf3 d6 3. d4 cxd4 4. Qxd4 a6 5. Be2 Nc6 6. Qe3 g6 7. O-O Bg7 8. h3
Nf6 9. Rd1 Nd7 10. c4 O-O 11. Nc3 Nde5 12. Nxe5 Nxe5 13. Bd2 Be6 14. b3 Rc8 15.
Rac1 Nd7 16. Nd5 Bxd5 17. exd5 a5 18. Re1 Ra8 19. Bf1 Re8 20. a3 Qb6 21. Qxb6
Nxb6 22. Rc2 Nd7 23. b4 axb4 24. axb4 b6 25. c5 bxc5 26. Bb5 Ra7 27. bxc5 dxc5
28. Bc6 Bf6 29. g4 g5 30. h4 h6 31. hxg5 hxg5 32. f4 gxf4 33. Bxf4 Rd8 34. Kf1
Nf8 35. Rxc5 Ng6 36. Be3 Ra3 37. Rb5 Kg7 38. g5 Be5 39. Bc1 Ra2 40. Rb7 Bd4 41.
Be3 Bxe3 42. Rxe3 Rc2 43. Re2 Rc3 44. Rbb2 Rh8 45. Rh2 Rxh2 46. Rxh2 Rc1+ 47.
Kg2 Ne5 48. Kg3 Rc4 49. Re2 Rg4+ 50. Kf2 Rxg5 51. Bb7 Kf6 52. Re4 Rg4 53. Rxg4
Nxg4+ 54. Kf3 Ne5+ 55. Ke4 Nc4 56. Ba6 Nd6+ 57. Kf4 Nf5 58. Bd3 Ng7 59. Bb5 Nf5
60. Bd3 Nh4 61. Bb5 Ng6+ 62. Ke4 Kg5 63. d6 exd6 64. Kd5 f5 65. Kxd6 f4 66. Be2
Kh4 67. Ke6 Kg3 68. Kf5 Nh4+ 69. Ke4 Ng2 70. Bh5 Ne3 71. Be2 Ng4 72. Kf5 Nf2 73.
Ke5 Nh3 74. Ke4 Ng5+ 75. Kf5 Nf3 76. Ke4 Nh4 77. Bh5 Ng2 78. Be2 Ne1 79. Bh5 Nc2
80. Bd1 Ne3 81. Be2 Ng4 82. Kf5 Nf2 83. Ke5 Ng4+ 84. Kf5 Nf2 85. Ke5 Nh3 86. Ke4
Ng5+ 87. Kf5 Nf3 88. Ke4 Nh4 89. Bh5 Ng2 90. Be2 Ne3 91. Bh5 Ng4 92. Bf7 f3 93.
Bc4 f2 94. Be2 Nh2 95. Ke3 Nf3 96. Bf1 Ne5 97. Ke4 Ng4 98. Be2 Nf6+ 99. Kd4 Kf4
100. Bf1 Ng4 101. Kd3 Nh2 102. Be2 Nf3 103. Bf1 Ne5+ 104. Ke2 Kg3 105. Ke3 Ng4+
106. Ke4 Nf6+ 107. Ke5 Nh5 108. Ke4 Ng7 109. Ke3 Ne6 110. Ke4 Ng5+ 111. Ke3 Nf3
112. Ba6 Ne5 113. Ke4 Ng4 114. Bb5 Nf6+ 115. Ke3 Nd5+ 116. Kd4 Nc7 117. Be2 Kf4
118. Bf1 Ne6+ 119. Kd3 Ng5 120. Ke2 Kg3 121. Ke3 Nf3 122. Ba6 Ne5 123. Ke4 Ng4
124. Bf1 Nh2 125. Ba6 Nf3 126. Ke3 Kg2 127. Bc4 Ne5 128. Ba6 Kg3 129. Bf1 Nf7
130. Ke4 Ng5+ 131. Ke3 Nf3 132. Ba6 Ne1 133. Ke4 Ng2 134. Bf1 Nh4 135. Ke3 Nf5+
136. Ke4 Nd6+ 137. Ke3 Nf7 138. Ke4 Ng5+ 139. Ke3 Ne6 140. Ke4 Nf4 141. Ke3 Nd5+
142. Ke4 Nf6+ 143. Ke3 Ng4+ 144. Ke4 Nh2 145. Ba6 Nf3 146. Ke3 1/2-1/2

[Event "PRO League Group Stage"]
[Site "chess.com INT"]
[Date "2019.01.21"]
[Round "3"]
[White "Gupta, Abhijeet"]
[Black "Martirosyan, Haik M."]
[Result "1-0"]
[WhiteTitle "GM"]
[BlackTitle "GM"]
[WhiteElo "2581"]
[BlackElo "2607"]
[WhiteTeam "Delhi Dynamite"]
[BlackTeam "Armenia Eagles"]
[WhiteFideId "5010608"]
[BlackFideId "13306553"]
[EventDate "2019.01.08"]

1. d4 Nf6 2. c4 g6 3. Nc3 Bg7 4. e4 O-O 5. f3 c5 6. d5 e6 7. Nge2 d6 8. Ng3 exd5
9. cxd5 Re8 10. Be2 a6 11. a4 Nbd7 12. O-O Rb8 13. Bg5 Qc7 14. Qd2 c4 15. Bh6
Bh8 16. Kh1 b5 17. axb5 axb5 18. b4 cxb3 19. Nxb5 Qb6 20. Rab1 Nc5 21. Bf4 Rd8
22. Be3 Bd7 23. Na3 Qb4 24. Qxb4 Rxb4 25. Nc4 Bb5 26. Nxd6 Bxe2 27. Bxc5 Bxf1
28. Bxb4 Ba6 29. Rxb3 Rb8 30. h3 Nd7 31. Ra3 Rxb4 32. Rxa6 Be5 33. Kh2 Kg7 34.
Ra7 Bxd6 35. Rxd7 Bf4 36. h4 Rb1 37. Kh3 h5 38. Ra7 Rd1 39. Ra2 Be3 40. Re2 Bc5
41. Rc2 Be3 42. Ne2 f5 43. exf5 gxf5 44. Ng3 Rxd5 45. Nxh5+ Kg6 46. Rc6+ Kf7 47.
Rc7+ Kg6 48. g4 fxg4+ 49. Kxg4 Rd1 50. Rc6+ Kh7 51. Nf6+ Kg7 52. Kf5 Bf2 53.
Rc7+ Kf8 54. h5 Bg3 55. Ra7 Rf1 56. Kg6 Bc7 57. Nh7+ Kg8 58. Rxc7 Rg1+ 59. Ng5
Rc1 60. Rxc1 1-0

[Event "PRO League Group Stage"]
[Site "chess.com INT"]
[Date "2019.01.21"]
[Round "3"]
[White "Sargsyan, Shant"]
[Black "Narayanan, S.L."]
[Result "1/2-1/2"]
[WhiteTitle "IM"]
[BlackTitle "GM"]
[WhiteElo "2486"]
[BlackElo "2575"]
[WhiteTeam "Armenia Eagles"]
[BlackTeam "Delhi Dynamite"]
[WhiteFideId "13306766"]
[BlackFideId "5058422"]
[EventDate "2019.01.08"]

1. Nf3 d5 2. d4 Nf6 3. c4 e6 4. Nc3 a6 5. cxd5 exd5 6. Bg5 Be6 7. e3 Nbd7 8. Bd3
Bd6 9. h3 c6 10. Bf4 Qc7 11. Bxd6 Qxd6 12. O-O O-O 13. Rc1 Rfe8 14. Na4 Ne4 15.
Qc2 Bf5 16. Nc5 Ndxc5 17. dxc5 Qd7 18. Kh2 Qc7+ 19. Kg1 Bg6 20. b4 Re7 21. a4
Rae8 22. b5 axb5 23. axb5 cxb5 24. Nd4 b4 25. Nb5 Qc6 26. Nd4 Qf6 27. Qb2 b3 28.
Bxe4 Bxe4 29. Qxb3 Qg6 30. f3 Bd3 31. Rfe1 Bc4 32. Qc3 Qf6 33. Rb1 h5 34. Rb6
Qe5 35. Qb4 g6 36. c6 Qxd4 37. exd4 Rxe1+ 38. Kh2 bxc6 39. Rxc6 Bf1 40. Rc8 Rxc8
41. Qxe1 Bc4 42. Qe5 Ra8 43. h4 Ra2 44. Kg3 Re2 45. Qf6 Re6 1/2-1/2

[Event "PRO League Group Stage"]
[Site "chess.com INT"]
[Date "2019.01.21"]
[Round "3"]
[White "Sargsyan, Anna M."]
[Black "Tarini, Goyal"]
[Result "1-0"]
[WhiteTitle "WFM"]
[BlackTitle "WFM"]
[WhiteElo "2339"]
[BlackElo "2150"]
[WhiteTeam "Armenia Eagles"]
[BlackTeam "Delhi Dynamite"]
[WhiteFideId "13308130"]
[BlackFideId "5082749"]
[EventDate "2019.01.08"]

1. d4 Nf6 2. Nf3 e6 3. c4 d5 4. Nc3 Be7 5. Bf4 O-O 6. e3 c5 7. dxc5 Bxc5 8. cxd5
Nxd5 9. Nxd5 exd5 10. a3 Nc6 11. Bd3 d4 12. Bxh7+ Kxh7 13. Qc2+ g6 14. Qxc5 dxe3
15. Bxe3 Bg4 16. Ng5+ Kg8 17. O-O Rc8 18. h3 Bf5 19. Qc4 Qf6 20. Qh4 Qg7 21.
Rfd1 Rfd8 22. Rac1 Rxd1+ 23. Rxd1 Re8 24. b4 a6 25. a4 b5 26. axb5 axb5 27. Rd5
f6 28. Nf3 Re4 29. Qg3 Rxb4 30. Qd6 Rb1+ 31. Kh2 Ne7 32. Rc5 Nc8 33. Qd2 Kh8 34.
Qd8+ Kh7 35. Rc7 1-0

[Event "PRO League Group Stage"]
[Site "chess.com INT"]
[Date "2019.01.21"]
[Round "3"]
[White "Jobava, Baadur"]
[Black "Afanasiev, Nikita"]
[Result "0-1"]
[WhiteTitle "GM"]
[BlackTitle "FM"]
[WhiteElo "2629"]
[BlackElo "2508"]
[WhiteTeam "Tbilisi Gentlemen"]
[BlackTeam "Moscow Phoenix"]
[WhiteFideId "13601520"]
[BlackFideId "24183555"]
[EventDate "2019.01.08"]

1. d4 Nf6 2. c4 e6 3. Nc3 Bb4 4. e3 d5 5. cxd5 exd5 6. Bd3 O-O 7. Ne2 Re8 8. Bd2
b6 9. Rc1 a6 10. O-O Bd6 11. f3 c5 12. Kh1 Bb7 13. Bb1 Nbd7 14. a3 Rc8 15. Ba2
Qc7 16. Qe1 Qb8 17. Qf2 Nf8 18. Rfd1 Ne6 19. Qg1 cxd4 20. exd4 h6 21. Re1 Nf4
22. Bb1 Nxe2 23. Rxe2 Rxe2 24. Nxe2 Re8 25. Re1 Bc6 26. Nc3 Rxe1 27. Bxe1 a5 28.
Bh4 Nd7 29. Ba2 g5 30. Bf2 Nf6 31. Qe1 b5 32. Bg3 b4 33. axb4 Qxb4 34. Bxd6 Qxd6
35. Qd2 Kg7 36. Kg1 Bd7 37. Nd1 Qb6 38. Qc3 Be6 39. Kf2 Qb5 40. Bb1 Nd7 41. Bd3
Qb6 42. Ne3 Nb8 43. Nc2 Nc6 44. Ke3 Kf6 45. Qc5 Qxc5 46. dxc5 Ke5 47. Bb5 d4+
48. Kd2 Na7 49. Bd3 Nc6 50. Be4 Bd5 51. Kd3 f5 52. Bxd5 Kxd5 53. Kd2 Kxc5 54. b3
Nb4 55. Na3 Nd5 56. Nc2 Ne3 57. Na1 Nxg2 58. Nc2 Ne3 0-1

[Event "PRO League Group Stage"]
[Site "chess.com INT"]
[Date "2019.01.21"]
[Round "3"]
[White "Zakhartsov, Vladimir"]
[Black "Volkov, Nika"]
[Result "0-1"]
[WhiteTitle "IM"]
[WhiteElo "2483"]
[BlackElo "2153"]
[WhiteTeam "Moscow Phoenix"]
[BlackTeam "Tbilisi Gentlemen"]
[WhiteFideId "4145097"]
[BlackFideId "13604376"]
[EventDate "2019.01.08"]

1. e4 e6 2. d4 d5 3. Nd2 c5 4. exd5 exd5 5. Ngf3 Nc6 6. Bb5 Nf6 7. O-O Be7 8.
dxc5 Bxc5 9. Nb3 Bb6 10. Nbd4 Bd7 11. Re1+ Ne4 12. Bg5 Qc7 13. Bh4 O-O 14. Nxc6
bxc6 15. Bd3 f5 16. c4 Rae8 17. b4 dxc4 18. Bxc4+ Kh8 19. a4 a5 20. bxa5 Bxa5
21. Re3 Bb6 22. Rd3 Bc8 23. Ra2 h6 24. Qa1 Kh7 25. a5 Ba7 26. Nd2 Nxd2 27. Raxd2
Qf4 28. Rd7 Bxd7 29. Rxd7 Qe5 30. Qxe5 Rxe5 31. Rxa7 Re4 32. Bf1 Rxh4 33. Rc7
Ra4 34. a6 Ra1 35. g3 f4 36. gxf4 Rxf4 37. Kg2 Ra2 38. Bd3+ Kg8 39. Kg3 g5 40.
f3 Ra3 41. Be2 h5 42. Rxc6 h4+ 43. Kf2 Kg7 44. h3 Rf6 45. Rc8 Re6 46. Bc4 Rb6
47. Rc7+ Kf6 48. Rb7 Rc6 49. Rf7+ Kg6 0-1

[Event "PRO League Group Stage"]
[Site "chess.com INT"]
[Date "2019.01.21"]
[Round "3"]
[White "Ganguly, Surya Shekhar"]
[Black "Andreikin, Dmitry"]
[Result "1/2-1/2"]
[WhiteTitle "GM"]
[BlackTitle "GM"]
[WhiteElo "2638"]
[BlackElo "2725"]
[WhiteTeam "Mumbai Movers"]
[BlackTeam "Volga Stormbringers"]
[WhiteFideId "5002150"]
[BlackFideId "4158814"]
[EventDate "2019.01.08"]

1. e4 e5 2. Nf3 Nc6 3. Bc4 Bc5 4. c3 Nf6 5. d3 O-O 6. O-O a5 7. Bg5 h6 8. Bh4
Be7 9. Bg3 d6 10. h3 Be6 11. Nbd2 Qc8 12. a4 Rd8 13. Re1 Bf8 14. Bxe6 Qxe6 15.
Nc4 Nd7 16. Qc2 g6 17. Rad1 Bg7 18. Ne3 Nb6 19. b3 Rac8 20. d4 exd4 21. Nxd4 Qd7
22. f3 Re8 23. Kh1 Ne5 24. c4 Nc6 25. Nb5 Nb4 26. Qf2 Qe7 27. Nd5 N6xd5 28. exd5
Qd7 29. Rxe8+ Rxe8 30. Re1 Rxe1+ 31. Qxe1 b6 32. Qe2 Na6 33. Bf2 Be5 34. Nd4 Nc5
35. Nc6 Bf6 36. Bxc5 dxc5 37. g4 Qd6 38. Qh2 Qd7 39. Qf4 Kg7 40. Kg2 Ba1 41. Qc1
Bf6 42. Qf4 Ba1 43. h4 Qe8 44. Qe4 Qd7 45. Kg3 Bf6 46. h5 Qd6+ 47. Kg2 gxh5 48.
gxh5 Bg5 49. Ne5 Qf6 50. Kg3 Bh4+ 51. Kg2 Bg5 52. Kg3 Bh4+ 53. Kg2 Bg5 54. Kg3 1/2-1/2

[Event "PRO League Group Stage"]
[Site "chess.com INT"]
[Date "2019.01.21"]
[Round "3"]
[White "Kunte, Abhijit"]
[Black "Abdusattorov, Nodirbek"]
[Result "0-1"]
[WhiteTitle "GM"]
[BlackTitle "GM"]
[WhiteElo "2485"]
[BlackElo "2560"]
[WhiteTeam "Mumbai Movers"]
[BlackTeam "Volga Stormbringers"]
[WhiteFideId "5002265"]
[BlackFideId "14204118"]
[EventDate "2019.01.08"]

1. Nf3 Nf6 2. g3 d5 3. Bg2 c6 4. c4 dxc4 5. O-O e6 6. a4 Na6 7. Qc2 Qd5 8. Na3
Bxa3 9. Rxa3 O-O 10. a5 Nc7 11. Ra4 Bd7 12. Qxc4 c5 13. Qxd5 exd5 14. Ra1 Rfe8
15. Re1 Na6 16. Bf1 Nb4 17. Rd1 d4 18. d3 Be6 19. Nd2 Nc2 20. Ra4 b5 21. axb6
axb6 22. Rxa8 Rxa8 23. Nc4 b5 24. Nd6 b4 25. Bg5 Nd7 26. Bg2 Ra2 27. Rb1 Nb6 28.
Bc6 b3 29. Ne4 c4 30. Bd8 Na4 31. Bxa4 Rxa4 32. Nc5 Ra8 33. Bg5 c3 34. Nxb3 Rb8
35. bxc3 dxc3 36. Nd2 Rb2 37. Bf4 cxd2 38. Rd1 Nd4 39. Rxd2 Nxe2+ 40. Kf1 Rxd2
41. Bxd2 Nd4 42. Be3 Nc6 43. Kg2 Bd5+ 44. Kf1 f6 45. Ke2 Kf7 46. f4 Ke6 47. g4
f5 48. g5 Kf7 0-1

[Event "PRO League Group Stage"]
[Site "chess.com INT"]
[Date "2019.01.21"]
[Round "3"]
[White "Bryakin, Mikhail"]
[Black "Mohammad, Nubairshah Shaikh"]
[Result "1/2-1/2"]
[WhiteTitle "FM"]
[BlackTitle "IM"]
[WhiteElo "2426"]
[BlackElo "2437"]
[WhiteTeam "Volga Stormbringers"]
[BlackTeam "Mumbai Movers"]
[WhiteFideId "4165314"]
[BlackFideId "5053196"]
[EventDate "2019.01.08"]

1. d4 d5 2. Nf3 Nf6 3. c4 c6 4. Nc3 dxc4 5. e3 b5 6. a4 b4 7. Na2 e6 8. Bxc4 Be7
9. O-O O-O 10. Qe2 c5 11. Rd1 Qb6 12. Bd2 a5 13. Nc1 cxd4 14. Nb3 Bb7 15. Nfxd4
Nbd7 16. Be1 Rac8 17. Rac1 Rfd8 18. f3 Nc5 19. Bb5 Nxb3 20. Nxb3 Bd5 21. Rxc8
Rxc8 22. Nd4 Bf8 23. Bf2 e5 24. e4 exd4 25. exd5 Bc5 26. Bc6 d3 27. Qf1 h5 28.
h4 Rc7 29. Bxc5 Qxc5+ 30. Qf2 Qc4 31. Qe3 Nxd5 32. Bxd5 Qxd5 33. Rxd3 Qc5 34.
Kf2 Qc2+ 35. Rd2 Qf5 36. Qd3 Qxd3 37. Rxd3 Rc2+ 38. Kg3 Rxb2 39. Rd5 g6 40. Rxa5
Ra2 41. Ra8+ Kg7 42. a5 b3 43. Rb8 Rxa5 44. Rxb3 Ra4 45. Rb5 Ra6 46. Rc5 Re6 47.
Rd5 Rf6 48. Re5 Rd6 49. Kf4 Rf6+ 50. Ke4 Ra6 51. Rd5 Ra4+ 52. Rd4 Ra1 53. Kf4
Ra5 54. Re4 Rf5+ 55. Kg3 Rf6 56. Re5 Rb6 57. Kh3 Rc6 58. Rb5 Rc2 59. Rb4 Rc5 60.
g4 hxg4+ 61. Kxg4 Rf5 62. Rc4 Rh5 63. Ra4 Rb5 64. Kg3 Kh6 65. Ra8 Rb1 66. Rh8+
Kg7 67. Ra8 Rb4 68. Ra5 Kh6 69. Ra7 Kg7 70. Rc7 Rb5 71. Ra7 1/2-1/2

[Event "PRO League Group Stage"]
[Site "chess.com INT"]
[Date "2019.01.21"]
[Round "3"]
[White "Remizov, Yaroslav"]
[Black "Raja, Harshit"]
[Result "0-1"]
[WhiteTitle "FM"]
[BlackTitle "IM"]
[WhiteElo "2357"]
[BlackElo "2432"]
[WhiteTeam "Volga Stormbringers"]
[BlackTeam "Mumbai Movers"]
[WhiteFideId "34134015"]
[BlackFideId "5089000"]
[EventDate "2019.01.08"]

1. e4 c5 2. Nf3 d6 3. d4 cxd4 4. Nxd4 Nf6 5. Nc3 a6 6. Be3 Ng4 7. Bg5 h6 8. Bh4
g5 9. Bg3 Bg7 10. Be2 h5 11. h4 gxh4 12. Bxh4 Nc6 13. Nxc6 bxc6 14. Qd2 Qa5 15.
O-O-O Rb8 16. Bxe7 Bxc3 17. Qxc3 Qxc3 18. bxc3 Kxe7 19. Bxg4 Bxg4 20. f3 Be6 21.
Kd2 Rhg8 22. Rdg1 Rb2 23. Rxh5 Rxa2 24. Kd3 Rb8 25. g4 Rb5 26. f4 Ra4 27. Rxb5
axb5 28. f5 Bc4+ 29. Ke3 Ra3 30. Kd2 Kf6 31. g5+ Ke5 32. g6 fxg6 33. fxg6 Kxe4
34. g7 Ra8 35. Rg2 Rg8 36. Rg1 Ke5 37. Ke3 Kf6 38. Kd4 Rxg7 39. Rf1+ Bxf1 0-1

[Event "PRO League Group Stage"]
[Site "chess.com INT"]
[Date "2019.01.21"]
[Round "3"]
[White "Kosteniuk, Alexandra"]
[Black "Meshkovs, Nikita"]
[Result "1-0"]
[WhiteTitle "GM"]
[BlackTitle "GM"]
[WhiteElo "2537"]
[BlackElo "2557"]
[WhiteTeam "Moscow Wizards"]
[BlackTeam "Estonia Horses"]
[WhiteFideId "4128125"]
[BlackFideId "11602740"]
[EventDate "2019.01.08"]

1. e4 e5 2. Nf3 Nc6 3. Bc4 Bc5 4. d3 Nf6 5. Bg5 h6 6. Bh4 g5 7. Bg3 d6 8. c3 O-O
9. Nbd2 a6 10. a4 Kh8 11. h4 g4 12. Nh2 Qd7 13. Ndf1 Nh5 14. Qd2 Kg7 15. Ne3
Bxe3 16. Qxe3 f5 17. exf5 Qxf5 18. O-O Bd7 19. b4 Rae8 20. b5 Na5 21. Bd5 axb5
22. axb5 b6 23. Rab1 Nf4 24. Be4 Qf6 25. c4 Nh5 26. Rfe1 Bf5 27. Bxf5 Qxf5 28.
Nf1 Nb7 29. d4 Na5 30. Rbc1 exd4 31. Qxd4+ Nf6 32. Ne3 Qe4 33. Qc3 Qg6 34. Nd5
Qf7 35. h5 Rxe1+ 36. Rxe1 Kg8 37. Ne7+ Kh7 38. Ng6 Nxh5 39. Nxf8+ Qxf8 40. Bh4
Nb7 41. Re7+ Kg8 42. Qd3 1-0